00806nam a22002177a 450000500170000001000150001702000260003203500140005803700090007208200110008124500830009225000060017526000340018127000760021530000200029150000460031170000380035794200220039599900190041795201520043620250718153006.0 aENG-146047 c415.00a9788197299544 aEN-124579 bDBAD a90021 aTotal History And Civies/cEdited by S. Irudaya raj [and] Dolly Ellen Sequeira a9 aNew DelhibMorning Starc2025 a4626/18, Ansari Road, Darya GanjbNew Delhie110002k23244660l23246113 a272p.c28cm(pb) aWith Competency Focused Questions ICSE 10 aSequeira Dolly E. eEditor983090 2ddccENh900mTOT c212440d212440 001040708NFICaAVbAVd2025-07-18eDelivery of Books Act Divisiong415.00l0o900 TOTpEN-129579r2025-07-18 00:00:00t1v415.00w2025-07-18yEN